Statistics for Guess The City #2

Click here to take the quiz!

General Stats

  • This quiz has been taken 27 times
  • The average score is 9 of 16

Answer Stats

Answer% Correct
Sydney
100%
Paris
92%
New York City
88%
Singapore
88%
Berlin
76%
Seattle
76%
Toronto
72%
New Delhi
68%
Seoul
60%
Karachi
32%
Manila
28%
Vancouver
28%
Jeddah
24%
Wuhan
20%
Sapporo
16%
Vladivostok
16%

Score Distribution

Percentile by Number Answered

Percent of People with Each Score

Your Score History

You have not taken this quiz